Juste la fin du Monde - Statistiques

Statistiques générales
  • Ce quiz a été pris 734 fois
  • Le résultat moyen est 8 sur 15
Statistiques - réponses
Hint Réponse % Correct
Personnage principal Louis
99%
Son frère Antoine
97%
Sa belle-soeur Catherine
91%
Sa soeur Suzanne
91%
Son âge 34ans
77%
Est ce qu’il arrivera à son objectif ? Non
71%
Sa maladie Sida
71%
La durée de son « exil » 12ans
54%
Le parcours associé à l’œuvre Crise personnelle, crise familiale
38%
Son adaptation au cinéma par ? Xavier Dolan
29%
Son frère est interprété par Vincent Cassel
21%
Sa belle soeur est interprété par Marion Cotillard
17%
Le personnage principal est interprété par Gaspard Ulliel
16%
Sa mère La mère (pas de nom)
5%
La raison de son retour (citation) « Dire, seulement dire, (sa) mort prochaine et irrémédiable »
0%
Aucun quiz correspondant
Distribution des résultats
% des personnes avec chaque résultat
Percentile par nombre de réponses
Votre historique - résultats
Vous n’avez pas pris ce quiz